000 00782cam a2200253 4500500
005 20260405003707.0
041 _afre
042 _adc
100 1 0 _aGherca, Stefania
_eauthor
245 0 0 _aMaurizio Ferraris : “Le téléphone portable est le grand constructeur de la réalité sociale”
260 _c2023.
500 _a32
690 _aDonnées
690 _aÉcriture
690 _aFerraris
690 _aMaurizio Ferraris
690 _aOutil
690 _aSmartphone
690 _atéléphone
690 _aTéléphone portable
690 _aVie privée
786 0 _nPhilosophie magazine | 169 | 5 | 2023-05-01 | p. 11-11 | 1951-1787
856 4 1 _uhttps://shs.cairn.info/magazine-philosophie-magazine-2023-5-page-11?lang=fr&redirect-ssocas=7080
999 _c2069928
_d2069928